Rajdharma in the Mahabharata (Record no. 531207)

000 -LEADER
fixed length control field 01296nam a22001457a 4500
008 - FIXED-LENGTH DATA ELEMENTS--GENERAL INFORMATION
fixed length control field 250801b ||||| |||| 00| 0 eng d
100 ## - MAIN ENTRY--PERSONAL NAME
Personal name Bansal, Neena
245 ## - TITLE STATEMENT
Title Rajdharma in the Mahabharata
260 ## - PUBLICATION, DISTRIBUTION, ETC. (IMPRINT)
Place of publication, distribution, etc Indian Journal of Public Administration
300 ## - PHYSICAL DESCRIPTION
Extent 71(2), Jun, 2025: p.313-327
520 ## - SUMMARY, ETC.
Summary, etc This article delves into the principles of Rajdharma as conceptualised in the text of the Mahabharata. It underscores the idea that the ‘state’ in ancient India was fundamentally normative as it was expected to promote dharma, in which the principles of justice and public good were inherent. Drawing out the codes of ethical governance, the article seeks to feature the relevant principles that offer a culturally rooted model of good governance in ancient times. The document closely studies the primary text to extract the relevant shlokas to highlight the key principles of Rajdharma. The relevant Sanskrit shlokas are cited with their numbers in the related sections with English translations italicised for the readers' convenience.
• https://journals.sagepub.com/doi/full/10.1177/00195561251343935
650 ## - SUBJECT ADDED ENTRY--TOPICAL TERM
Topical term or geographic name as entry element Dharma, Rajdharma, Shanti Parva, Mahabharata, State in ancient India.
9 (RLIN) 55914
773 ## - HOST ITEM ENTRY
Main entry heading Indian Journal of Public Administration
942 ## - ADDED ENTRY ELEMENTS (KOHA)
Item type Articles
Holdings
Withdrawn status Lost status Source of classification or shelving scheme Damaged status Not for loan Permanent location Current location Date acquired Serial Enumeration / chronology Barcode Date last seen Koha item type
          Indian Institute of Public Administration Indian Institute of Public Administration 2025-08-01 71(2), Jun, 2025: p.313-327 AR.136916 2025-08-01 Articles
          Indian Institute of Public Administration Indian Institute of Public Administration 2025-08-01 71(2), Jun, 2025: p.313-327 AR136916 2025-08-01 Articles

Powered by Koha